Inovačná výkonnosť krajín V4

Na minha lista:
Detalhes bibliográficos
Autor principal: Bérešová, Juliana, 1996-
Outros Autores: Cibuľa, Milan, 1995-
Formato: Capítulo de Livro
Idioma:eslovaco
Assuntos:
Tags: Adicionar Tag
Sem tags, seja o primeiro a adicionar uma tag!

MARC

LEADER 00000naa$a2200000$$$4500
001 0281276
005 20240502074355.8
041 0 |a slo 
044 |a SK 
245 1 0 |a Inovačná výkonnosť krajín V4  |c Juliana Bérešová, Milan Cibuľa 
500 |a abstrakt 
610 2 0 |a výkonnosť inovačná 
610 2 0 |a podnik 
610 2 0 |a konkurencieschopnosť 
610 2 0 |a indexy 
610 2 0 |a analýzy 
610 2 0 |a Vyšehradská štvorka 
100 1 |a Bérešová, Juliana, 1996- 
700 1 |a Cibuľa, Milan, 1995-